000 00397nam a2200145Ia 4500
008 220530s9999 xx 000 0 und d
041 _aeng
082 _a631.304
_bCHO
100 _aChoudhury Hajra S K
_955488
245 _aElements of Workshop Technology Vol- II
260 _aMumbai
_c2011
300 _a712,I-11
_bPB
700 _a Roy Nirjhar Choudhhury Hajra A K
_955489
906 _a50
_bMECH
999 _c50509
_d50509